Zámok Likavka

Zobrazenie: Pohľad na zámok Likavka vpredu v zábere sedí 5 osôb

Bibliographic Details
Format: Postcard
Language:Slovak
Czech
German
PhysicalDescription:1 pohľadnica kolorovaná 14 x 9 cm
Published: Praha F. Zuna [medzi 1905 a 1950?]
Subjects:

MARC

LEADER 00000ckm a2200000 a 4500
001 vtls011769394
003 SK-MaSNL
005 20260512124126.0
007 kp co
008 230718q1905 xr g kuslo
015 |a SNBG 
035 |a urn:nbn:sk:snk-km00duhe 
035 |a urn:nbn:sk:snk-km3ltkh 
035 |a 6A668793-3946-4E38-BDEF-38798EF5C308 
040 |a SNK  |b slo  |c SNK  |e AACR2 
041 0 |a slo  |a cze  |a ger 
043 |a e-xo--- 
044 |a xr  |c CZ 
072 7 |a 913  |x Regionálna geografia  |2 konspekt 
080 |a 913(437.6)  |2 2011 
080 |a 728.81  |2 2011 
080 |a (084.121)  |2 2011 
245 0 0 |a Zámok Likavka  |h grafika 
260 |a Praha  |b F. Zuna  |c [medzi 1905 a 1950?] 
300 |a 1 pohľadnica  |b kolorovaná  |c 14 x 9 cm 
520 8 |a Zobrazenie: Pohľad na zámok Likavka vpredu v zábere sedí 5 osôb 
610 2 7 |a Likava (Slovensko : hrad)  |2 SNKKA  |9 165037 
650 0 7 |a hrady  |2 SNKPH  |9 3039 
651 7 |a Likavka (Slovensko)  |2 SNKPH  |9 75632 
655 7 |a miestne pohľadnice  |2 SNKPH  |9 70510 
852 |a Slovenská národná knižnica 
954 |a pohľadnice pôvodné (slovenské)  |2 lita 
954 |a pohľadnice cudzojazyčné (svetové)  |2 lita 
958 |a OND 
958 |a GBN 
958 |a GC 
958 |a EUIPO 
999 |c 857050  |d 858980 
952 |a SNK  |b SNK  |y PREZ  |7 0  |p 17A1243271  |o snkSP 119088  |i snkLM 4839/72  |8 3  |0 0  |1 0  |4 0  |d 2018-07-27  |f 1  |l 0  |r 2026-02-24 05:00:40  |w 2026-02-24